Football par lettre - T - Statistiques

Statistiques générales
  • Ce quiz a été pris 130 fois
  • Le résultat moyen est 11 sur 20
Statistiques - réponses
Hint Réponse % Correct
Lillian, Marcus, Kephren et Yohann composent cette célèbre famille de footballeurs Thuram
100%
Il a offert l'Euro 2000 à la France David Trezeguet
83%
Formé à Bordeaux, il a raté son tir au but lors de la finale de la CDM 2022 Aurelien Tchouameni
75%
Surnom du club de Toulouse Téfécé
75%
Coach croate passé par Marseille, la Lazio et la Juve Igor Tudor
68%
Homme d'affaire américain, président du groupe Eagle Football John Textor
66%
Surnom des joueurs d'Everton Toffees
63%
Unique buteur de la finale de l'Euro 2008 Fernando Torres
62%
Latéral français passé par Bordeaux et Séville, il intervient parfois sur la Chaine l'Equipe Benoit Trémoulinas
61%
"Pays" pour lequel jouait Marama Vahirua Tahiti
60%
On appelle les joueurs de ce pays "les Eperviers" Togo
55%
Gardien roumain passé par Nantes et Milan Ciprian Tatarusanu
53%
Latéral droit néerlandais ou ailier brésilien, tous deux passés par l'OL Tete
51%
On l'appelait "la Toul" Jeremy Toulalan
47%
Défenseur français originaire de Guadeloupe, champion de France avec Bordeaux en 1984 Marius Tresor
45%
Petit pays insulaire qui a participé au mondial 2006 Trinité et Tobago
45%
Milieu français passé par Bordeaux et membre du carré magique en équipe de france Jean Tigana
35%
Verbe qu'on utilise parfois en tant que synonyme de dribbler Tricoter
19%
Président emblématique des Girondins de Bordeaux à la tete du club entre 1996 et 2017 Jean-Louis Triaud
14%
Il présentait J+1 sur Canal+ Nicolas Tourriol
8%
Aucun quiz correspondant
Distribution des résultats
% des personnes avec chaque résultat
Percentile par nombre de réponses
Votre historique - résultats
Vous n’avez pas pris ce quiz